[Event "World Team-ch Women 2017"]
[Site "Khanty-Mansyisk"]
[Date "2017.06.20"]
[Round "4"]
[White "Goryachkina, Aleksandra"]
[Black "Batsiashvili, Nino"]
[Result "1/2-1/2"]
[WhiteElo "2477"]
[BlackElo "2468"]
[Annotator "TA"]
[PlyCount "95"]
[EventDate "2017.??.??"]
[EventType "team-tourn"]
[EventCountry "RUS"]
[SourceTitle "playchess.com"]
[Source "ChessBase"]
[SourceQuality "1"]
[WhiteTeam "RUS"]
[BlackTeam "GEO"]
[WhiteTeamCountry "RUS"]
[BlackTeamCountry "GEO"]

{[%evp 22,95,29,32,28,30,55,33,24,29,41,42,50,55,66,0,14,0,0,0,0,-12,-6,-9,-2,-8,-4,-7,0,-6,0,0,0,0,0,0,0,0,0,0,0,0,0,0,0,0,0,0,0,0,0,0,0,0,0,0,0,0,0,0,0,0,0,0,0,0,0,0,0,0,0,0,0,0,0,0]} 1. d4 {[%cal Bd2d4,Bd4e5][%mdl 32]} Nf6 2. c4 e5 3. dxe5 Ng4 4. Bf4 Nc6 5. Nf3 Bb4+ 6. Nbd2 Qe7 7. e3 Ngxe5 8. Nxe5 Nxe5 9. Be2 O-O 10. O-O Bxd2 11. Qxd2 d6 12. Rac1 b6 {A52: Budapest Gambit} 13. b4 a5 (13... Bb7 14. c5 dxc5 15. bxc5 Rad8 16. Qc3 Ng6 17. Bg3 Rd5 18. Qa3 Rd2 19. Rfe1 a5 20. Qc3 {1-0 (54) Kunin,V (2513)-Grimberg,B (2363) Wunsiedel 2012}) 14. a3 (14. c5 $5) 14... axb4 {White is slightly better.} 15. axb4 Bb7 16. c5 bxc5 17. bxc5 Qe6 18. f3 $146 (18. Qb4 $14 Rfb8 19. Qd4) ({Predecessor:} 18. Rfd1 Ra2 19. Rc2 Qg6 20. c6 Bxc6 {0-1 (20) Berube,A (2122)-Sorell Nicolau,P (1831) Palma de Mallorca 2009}) 18... Ra2 {The position is equal.} 19. Rc2 Rxc2 $1 20. Qxc2 Ng6 $1 21. Rb1 Nxf4 22. exf4 Bd5 23. cxd6 Qxd6 24. Bd3 h6 25. Bh7+ Kh8 {[#] Threatens to win with ...g6.} 26. Be4 Bxe4 27. Qxe4 $11 {[%mdl 4096] Endgame KQR-KQR} Qc5+ 28. Kh1 Rd8 29. h3 Kg8 30. Kh2 Qd6 31. Rc1 c5 32. Qf5 g6 33. Qe4 h5 34. Rc4 Rb8 35. Qe3 Rc8 36. h4 Qd5 37. Qc3 Kh7 38. Kg3 Kg8 39. Kh2 Kh7 40. Kg3 Rc6 41. Qc2 Qd6 42. Qc3 Qe7 43. Qe5 Qc7 44. Qd5 Kg7 45. Kh2 Rf6 46. Qxc5 Qxc5 47. Rxc5 Rxf4 48. Kg3 {Precision: White = 79%, Black = 82%.} 1/2-1/2

[Event "World Team-ch Women 2017"]
[Site "Khanty-Mansyisk"]
[Date "2017.06.20"]
[Round "4"]
[White "Ushenina, Anna"]
[Black "Pham, Le Thao Nguyen"]
[Result "1-0"]
[WhiteElo "2458"]
[BlackElo "2344"]
[Annotator "TA"]
[PlyCount "111"]
[EventDate "2017.??.??"]
[EventType "team-tourn"]
[EventCountry "RUS"]
[SourceTitle "playchess.com"]
[Source "ChessBase"]
[SourceQuality "1"]
[WhiteTeam "UKR"]
[BlackTeam "VIE"]
[WhiteTeamCountry "UKR"]
[BlackTeamCountry "VIE"]

{[%evp 22,111,45,15,52,46,51,29,52,47,55,41,44,28,60,56,66,50,55,51,47,34,65,57,95,95,112,114,112,95,103,103,121,115,127,111,106,110,107,110,123,124,122,117,148,142,126,120,147,112,79,36,49,0,68,66,89,81,67,63,85,77,75,74,75,70,187,185,181,163,205,203,206,209,381,383,413,423,416,394,601,77,79,0,605,575,574,561,1233,1224,1123,1110]} 1. d4 Nf6 2. c4 e6 3. Nf3 d5 4. Nc3 a6 5. cxd5 exd5 6. Bg5 c6 7. Qc2 Be7 8. e3 O-O 9. Bd3 Nbd7 10. O-O Re8 11. Rab1 Nf8 {D61: Queen's Gambit Declined: Classical: 7 Qc2} 12. b4 {LiveBook: 13 Games} (12. h3 Ne4 13. Bf4 Nd6 14. b4 g6 15. a4 Ne6 16. Bh2 Ng7 {½-½ (16) Gonzalez Perez,A (2567)-Vidarte Morales,A (2408) Barcelona 2014}) 12... Bg4 13. Ne5 {aiming for Bxf6.} Be6 {White is slightly better.} 14. a4 Rc8 $146 ({Predecessor:} 14... N6d7 15. Bxe7 Qxe7 16. Nxd7 Bxd7 17. b5 axb5 18. axb5 Qg5 19. bxc6 bxc6 {1-0 (44) Brunner,N (2257)-Deschler,F (2182) Val d'Isere 2004}) 15. h3 N6d7 16. Bf4 Nxe5 17. Bxe5 f6 18. Bg3 Bf7 19. Qb3 Bd6 20. Bxd6 Qxd6 21. Rfc1 Qd7 22. Ne2 b5 23. Rc3 g5 24. Qc2 Bg6 25. Ng3 Bxd3 26. Qxd3 Ng6 27. Qf5 Re6 28. Qc2 Ne7 29. Ra1 Rd6 30. axb5 axb5 31. Rca3 Qe6 32. Ra7 Rd7 33. Nh5 {Black must now prevent Rxd7.} Rxa7 34. Rxa7 f5 35. Qc5 Re8 36. Rc7 (36. Rd7 $5 {[%cal Rd7d6]} Qf7 37. Ng3 $16) 36... Kf7 37. Ra7 Kg6 ({Black should try} 37... Kg8 $11) 38. Ng3 $14 h6 39. Qc2 Rf8 40. Ne2 Kg7 41. Nc1 $1 {Nd3 is the strong threat.} Rf7 42. Nd3 {And now Ne5 would win.} Ng6 43. Ra6 Rf6 (43... Rc7 $1 $14) 44. Nc5 $18 Qe8 45. Qa2 $1 {Strongly threatening Ra8.} Rf7 {[#]} 46. Ra8 $1 {[%cal Ra8e8]} Qe7 47. Qa6 f4 $2 (47... Qf6 48. Qc8 Nf8) 48. Qxc6 fxe3 49. Ne6+ Kh7 50. fxe3 Qf6 (50... g4 $142 51. Qc8 (51. Qxd5 Qf6 $16) (51. hxg4 Qh4 $11) 51... h5 52. hxg4 hxg4 53. Ng5+ Qxg5 54. Qg8+ Kh6 55. Qxf7 Qxe3+ 56. Qf2 Qd3) 51. Qxd5 $2 $40 {[%mdl 128] White has strong attack.} (51. Qe8 $18 {[%csl Ga8][%cal Re8g8] and the rest is easy.} Ne7 52. Nf8+ Rxf8 53. Qxf8 Qxf8 54. Rxf8) 51... g4 {[#] ( -> ...Qf2+)} 52. Kh2 (52. Ra1 $1 $16) 52... g3+ $2 {[%mdl 8192]} (52... Qf2 $11 53. hxg4 (53. Ra1 $2 {gets mated.} g3+ 54. Kh1 Qf1+ 55. Rxf1 Rxf1#) 53... Qh4+ 54. Kg1 Qf2+ 55. Kh2 Qh4+ 56. Kg1 Qf2+ 57. Kh2) 53. Kxg3 {White is clearly winning.} Ne7 54. Qe4+ Nf5+ 55. Kh2 Qg6 56. Qe5 {Precision: White = 67%, Black = 33%.} 1-0

[Event "World Team-ch Women 2017"]
[Site "Khanty-Mansyisk"]
[Date "2017.06.20"]
[Round "4"]
[White "Khotenashvili, Bela"]
[Black "Gunina, Valentina"]
[Result "1-0"]
[WhiteElo "2452"]
[BlackElo "2504"]
[Annotator "TA"]
[PlyCount "89"]
[EventDate "2017.??.??"]
[EventType "team-tourn"]
[EventCountry "RUS"]
[SourceTitle "playchess.com"]
[Source "ChessBase"]
[SourceQuality "1"]
[WhiteTeam "GEO"]
[BlackTeam "RUS"]
[WhiteTeamCountry "GEO"]
[BlackTeamCountry "RUS"]

{[%evp 25,89,85,104,102,93,87,72,15,186,116,108,135,125,102,266,267,297,312,333,332,369,362,342,326,359,335,478,484,454,465,584,570,587,591,835,824,1362,1223,1165,1145,1058,1040,1026,1025,1415,1406,1316,1290,1234,959,1145,1130,1037,1037,1758,1779,1430,1585,2130,1983,29979,5377,29978,29979,29978,29980]} 1. d4 Nf6 2. c4 e6 3. Nf3 b6 4. Bf4 Bb7 5. e3 Bb4+ 6. Nfd2 O-O 7. a3 Be7 8. Nc3 c5 9. d5 {E12: Queen's Indian: Unusual White 4th moves, 4 a3, 4 Nc3 Bb7 5 a3 and 4 Nc3 Bb7} (9. dxc5 bxc5 10. Nf3 d6 11. Be2 Qb6 12. O-O Nbd7 13. Rb1 Ne4 14. Qc2 Nxc3 15. Qxc3 Be4 16. Bd3 Bxd3 17. Qxd3 {0-1 (34) Gelfand,B (2743)-Wojtaszek,R (2744) Beijing 2014}) 9... exd5 10. cxd5 Bxd5 11. Nxd5 Nxd5 12. Qf3 Nc7 13. Qb7 d6 {LiveBook: 6 Games} 14. Nc4 {[#]} Nba6 $146 ({Predecessor:} 14... b5 15. Nxd6 Bxd6 16. O-O-O Qc8 17. Qxc8 Rxc8 18. Rxd6 {½-½ (70) Rosen,E (2414)-Indjic,A (2566) Cleveland 2015}) 15. Nxd6 Rb8 16. Qf3 (16. Qc6 $16) 16... b5 $2 (16... Bxd6 $11 {and Black stays safe.} 17. O-O-O Ne8 18. Bxd6 (18. Bxa6 b5 $11) 18... Nxd6) 17. Nf5 (17. Rd1 $18) 17... Bf6 $16 18. Rd1 Qe8 19. Bd3 $40 {[%mdl 128] White has strong attack.} Bxb2 $2 {[#]} (19... g6 $16 {was called for.}) 20. Nxg7 $1 $18 {[%mdl 512]} Bxg7 {[#]} 21. Bxc7 $1 Qe6 ({Don't blunder} 21... Nxc7 $2 22. Qf5 $18) 22. Bxb8 Bc3+ 23. Kf1 Rxb8 24. g3 Nc7 25. Qh5 c4 (25... Qc6 {was worth a try.}) 26. Bxh7+ Kg7 {Now ...Rh8 and Black clings on.} 27. Bf5 Qf6 28. Rd7 Ne8 29. Kg2 a5 30. Rhd1 Bb2 {[#]} 31. Rxf7+ $1 {[%mdl 512]} Qxf7 32. Rd7 Qxd7 33. Qh7+ Kf8 34. Qxd7 Bxa3 35. Bg6 {[%csl Gg6][%cal Rd7f7]} Nd6 36. e4 {[%cal Be3e4,Be4e5][%mdl 32]} Rb7 37. Qe6 Rc7 38. e5 Nf7 39. Qb6 Re7 40. Bxf7 Rxf7 41. Qxb5 c3 42. Qxa5 Bb2 43. Qc5+ (43. e6 $142 Rh7 44. Qd8+ Kg7 45. e7 Rh8 46. e8=Q Rxe8 47. Qxe8 Ba1 48. Qd7+ Kf8 49. Qc8+ Ke7 50. Qb7+ Kd8 51. Qa8+ Kd7 52. Qxa1) 43... Kg7 44. e6 Rf6 45. Qg5+ {Precision: White = 77%, Black = 29%.} 1-0

[Event "World Team-ch Women 2017"]
[Site "Khanty-Mansyisk"]
[Date "2017.06.20"]
[Round "4"]
[White "Zawadzka, Jolanta"]
[Black "Tania, Sachdev"]
[Result "1/2-1/2"]
[WhiteElo "2426"]
[BlackElo "2408"]
[Annotator "TA"]
[PlyCount "108"]
[EventDate "2017.??.??"]
[EventType "team-tourn"]
[EventCountry "RUS"]
[SourceTitle "playchess.com"]
[Source "ChessBase"]
[SourceQuality "1"]
[WhiteTeam "POL"]
[BlackTeam "IND"]
[WhiteTeamCountry "POL"]
[BlackTeamCountry "IND"]

{[%evp 12,108,54,38,38,27,29,1,11,5,17,15,15,5,5,9,16,0,25,0,0,0,0,0,16,18,17,17,23,11,11,-6,33,33,42,37,48,46,52,36,41,40,36,17,17,16,14,0,0,0,0,0,39,0,0,0,0,0,0,0,0,0,0,0,0,0,0,0,8,0,28,28,28,28,28,28,28,28,28,28,28,28,28,28,28,28,188,25,81,25,25,25,25,25,25,8,8,8,8]} 1. e4 e5 2. Nf3 Nc6 3. Bb5 a6 4. Ba4 Nf6 5. O-O Bc5 6. c3 b5 7. Bc2 d5 {C78: Ruy Lopez: Archangelsk and Möller Defences} 8. d4 {[#] Hoping for exd5.} dxe4 {[%cal Re5d4]} 9. Nbd2 exf3 10. Qxf3 Be7 {And now ...Bd7 would win.} 11. Qxc6+ Bd7 12. Qf3 exd4 13. Ne4 O-O 14. Rd1 Re8 15. Rxd4 {[#] Bf4 is the strong threat.} (15. Bf4 $5 {[%cal Rd1d4]}) 15... c5 $146 {[%cal Rc5d4]} 16. Rd1 Qc8 {Strongly threatening ...Bg4.} 17. Qd3 Nxe4 18. Qxd7 Qxd7 19. Rxd7 Nf6 20. Rd1 Rad8 21. Bf4 (21. Kf1 {feels hotter.} h6 22. Bf4 Nd5 23. Bg3 Bf6 24. a4) 21... Rxd1+ (21... Nd5 $5 {[%cal Rd5f4]} 22. Bg3 Bf6 $11) 22. Rxd1 Rd8 23. Kf1 Rxd1+ 24. Bxd1 $14 {[%mdl 4096] Endgame KBB-KBN} Ne4 25. Bc2 Nd6 26. Ke2 Kf8 27. f3 g6 28. g4 Ke8 29. Bg3 Kd7 30. Bf2 Kc6 31. f4 a5 32. b3 Kd5 33. Be1 c4 34. Ke3 f5 35. h3 Ne4 36. bxc4+ bxc4 37. Ba4 Bf6 38. gxf5 gxf5 39. Bd7 Bxc3 40. Bxf5 Bxe1 (40... Nd6 {seems wilder.} 41. Be6+ Kxe6 42. Bxc3 Nf5+ 43. Ke4 a4) 41. Bxe4+ $11 {KB-KB} Kc5 42. Bxh7 Kb4 43. Bg8 Bh4 44. Ke4 a4 45. Be6 c3 46. Kd3 Bf6 47. Kc2 Kc5 48. Bd7 Kd4 $2 (48... Kb4 $11 {and Black is okay.}) 49. f5 $2 (49. Bxa4 $18 Ke4 50. Bb5) 49... Ke4 (49... a3 $11 {keeps the balance.}) 50. h4 (50. Bxa4 $16 Kxf5 51. Bb5) 50... Bxh4 51. Kxc3 a3 52. Kb3 Be7 $1 53. f6 Bxf6 54. Kxa3 Bc3 {Precision: White = 62%, Black = 59%.} 1/2-1/2

[Event "World Team-ch Women 2017"]
[Site "Khanty-Mansyisk"]
[Date "2017.06.20"]
[Round "4"]
[White "Zatonskih, Anna"]
[Black "Wafa, Shrook"]
[Result "1-0"]
[WhiteElo "2419"]
[BlackElo "2141"]
[Annotator "TA"]
[PlyCount "43"]
[EventDate "2017.??.??"]
[EventType "team-tourn"]
[EventCountry "RUS"]
[SourceTitle "playchess.com"]
[Source "ChessBase"]
[SourceQuality "1"]
[WhiteTeam "USA"]
[BlackTeam "EGY"]
[WhiteTeamCountry "USA"]
[BlackTeamCountry "EGY"]

{[%evp 14,43,52,33,460,468,467,462,459,456,462,462,533,529,507,479,518,504,591,581,616,606,600,618,673,672,665,658,739,732,794,827]} 1. d4 Nf6 2. Nf3 e6 3. g3 b6 4. Bg2 Bb7 5. O-O Be7 6. c4 O-O 7. Nc3 d6 8. Qc2 Nfd7 $146 {[%mdl 8192] [#] E18: Queen's Indian: Old Main Line (4 g3 Bb7 5 Bg2 Be7 6 0-0 0-0 7 Nc3)} (8... d5 $14) ({Predecessor:} 8... Nbd7 9. e4 c5 10. d5 exd5 11. exd5 Ng4 12. Ne4 Nde5 13. Nxe5 Nxe5 14. f4 Ng4 15. h3 Nf6 16. Nc3 a6 17. a4 Bc8 {1-0 (40) Goganov,A (2597)-Naboka,S (2266) Minsk 2015}) 9. Ng5 $1 $18 {White is clearly winning.} Bxg5 10. Bxb7 Bxc1 11. Raxc1 ({Weaker is} 11. Bxa8 Bg5 $18) 11... Na6 12. Bxa6 f5 13. Bb7 Rb8 14. Bg2 f4 15. Qe4 Rf6 16. e3 g5 17. exf4 gxf4 18. Ne2 fxg3 19. fxg3 Qe7 20. Nf4 Re8 21. Rce1 Qg7 22. Bh3 1-0

[Event "World Team-ch Women 2017"]
[Site "Khanty-Mansyisk"]
[Date "2017.06.20"]
[Round "4"]
[White "Hoang, Thi Bao Tram"]
[Black "Zhukova, Natalia"]
[Result "1/2-1/2"]
[WhiteElo "2380"]
[BlackElo "2449"]
[Annotator "TA"]
[PlyCount "58"]
[EventDate "2017.??.??"]
[EventType "team-tourn"]
[EventCountry "RUS"]
[SourceTitle "playchess.com"]
[Source "ChessBase"]
[SourceQuality "1"]
[WhiteTeam "VIE"]
[BlackTeam "UKR"]
[WhiteTeamCountry "VIE"]
[BlackTeamCountry "UKR"]

{[%evp 10,58,-10,-9,0,11,13,18,20,10,28,11,15,-11,-11,-11,0,-8,-8,-10,-6,-15,-8,-16,0,-18,-12,-22,-20,-18,-14,-31,0,-23,0,-65,-40,-65,-21,-12,-11,-14,0,-7,4,-13,0,0,2,-35,0]} 1. d4 Nf6 2. Nf3 d5 3. c4 e6 4. e3 a6 5. c5 (5. b3 c5 6. Bb2 Nc6 7. Nbd2 cxd4 8. exd4 g6 9. Bd3 Bg7 10. O-O O-O 11. Rc1 dxc4 12. bxc4 b5 {½-½ (48) Bu,X (2711)-Sethuraman,S (2629) Liaocheng 2017}) 5... b6 6. cxb6 $1 {LiveBook: 3 Games. D30: Queen's Gambit Declined: Systems without Nc3} c5 7. Nc3 cxd4 8. exd4 {The position is equal.} Qxb6 9. Bd3 Bd6 $146 ({Predecessor:} 9... Bb4 10. O-O O-O 11. Bg5 Be7 12. Na4 Qd8 13. Bf4 {0-1 (73) Kozlovskaya,V (2115)-Rubzova,T (2300) Sochi 1987}) 10. O-O O-O 11. Qe2 Nc6 12. Rd1 Nb4 13. Bb1 a5 14. Bg5 Ba6 15. Qd2 {[#] Threatens to win with Bxf6.} Nd7 16. a3 {Na4 is the strong threat.} Nc6 $1 $36 {[%mdl 2048] Black fights for an advantage.} 17. Qc2 {[%csl Gb1][%cal Rc2h7]} g6 18. Ba2 Rfc8 19. Qd2 Bf8 20. Rac1 Bg7 (20... Rab8 $5 {[%cal Rb6b2]} 21. Rc2 Ne7 $11) 21. Rc2 Qa7 22. Qf4 (22. Bh6 $11) 22... Nb6 (22... Nb4 $5 23. axb4 axb4 $15) 23. Bf6 Bxf6 24. Qxf6 Qe7 25. Qf4 $1 Kg7 26. Rdc1 Bd3 27. Rd2 (27. Na4 $5 Bxc2 28. Nxb6 $11) 27... Ba6 28. Rdc2 Bd3 29. Rd2 Ba6 {Precision: White = 74%, Black = 46%.} 1/2-1/2

[Event "World Team-ch Women 2017"]
[Site "Khanty-Mansyisk"]
[Date "2017.06.20"]
[Round "4"]
[White "Padmini, Rout"]
[Black "Szczepkowska, Karina"]
[Result "1-0"]
[WhiteElo "2375"]
[BlackElo "2414"]
[Annotator "TA"]
[PlyCount "153"]
[EventDate "2017.??.??"]
[EventType "team-tourn"]
[EventCountry "RUS"]
[SourceTitle "playchess.com"]
[Source "ChessBase"]
[SourceQuality "1"]
[WhiteTeam "IND"]
[BlackTeam "POL"]
[WhiteTeamCountry "IND"]
[BlackTeamCountry "POL"]

{[%evp 27,153,-27,-25,-22,-14,-32,3,-33,-21,-22,0,0,0,11,16,0,141,127,145,137,154,147,143,54,45,48,47,56,57,8,5,15,6,9,10,10,27,19,22,12,13,0,0,0,0,0,0,-6,13,10,20,7,12,13,18,10,23,31,25,37,69,69,68,68,67,52,91,101,120,107,100,106,127,123,124,108,156,143,149,150,168,161,203,217,225,222,239,236,400,370,352,290,322,322,314,314,297,288,334,334,430,430,439,426,424,388,435,427,537,246,255,0,531,502,554,554,520,536,1631,471,1870,1748,29966,29966,5493,5006,1856,1667]} 1. e4 e5 2. Nf3 Nc6 3. Bb5 a6 4. Ba4 Nf6 5. O-O Be7 6. Qe2 b5 7. Bb3 O-O 8. c3 d5 9. d3 Bb7 10. Nbd2 h6 11. Re1 Re8 12. Nf1 Bf8 13. Ng3 {C86: Closed Ruy Lopez: Worrall Attack} Na5 14. Bc2 c5 {LiveBook: 17 Games} 15. Bd2 {Black has an edge.} (15. a3 c4 16. dxc4 Nxc4 {½-½ (36) Istratescu,A (2628)-Fressinet,L (2693) Le Port Marly 2012}) 15... Nc6 16. exd5 $146 ({Predecessor:} 16. a4 dxe4 17. dxe4 c4 18. h3 Qc7 19. Nh2 Rad8 {0-1 (48) L'Ami,E (2438)-Schoorl,R (2212) Schagen 2003}) 16... Qxd5 17. a4 b4 18. Ne4 Nxe4 (18... Qd8 {is interesting.} 19. Be3 Rc8 20. Rad1 bxc3 21. bxc3 Nd5) 19. dxe4 Qe6 20. a5 c4 21. Be3 b3 (21... Rec8 $11 {remains equal.}) 22. Bd1 $16 Rac8 23. Nd2 Nd8 24. Qg4 Bc5 25. Bxc5 (25. Qxe6 $16 Nxe6 26. Nxc4) 25... Rxc5 $14 26. Qxe6 Nxe6 27. Be2 Rd8 28. Nxc4 Bxe4 29. Bf1 Bd3 $1 $36 {[%cal Rd3c4][%mdl 2048] Black has the initiative.} 30. Nxe5 Bxf1 31. Kxf1 Rdd5 32. Nf3 Rxa5 33. Rxa5 Rxa5 $11 {[%mdl 4096] Endgame KRN-KRN} 34. g3 Kf8 35. Nd2 Ra2 36. Nc4 Ra4 37. Ne5 Ra2 38. Nd3 Ke7 39. f4 g6 40. Rb1 Ra4 41. Rd1 Ra2 42. Ke2 a5 43. Kd2 {Threatens to win with c4.} a4 44. c4 $1 {Strongly threatening Kc3.} a3 $1 45. Kc3 axb2 46. Nxb2 Nc5 47. Rd5 Ra5 48. Kb4 Ra2 49. Rd2 $1 ({But not} 49. Rxc5 $6 Rxb2 50. Rd5 Rxh2 $11) 49... Ne4 50. Re2 $1 {[%cal Re2e4]} ({Inferior is} 50. Kxb3 Nxd2+ 51. Kxa2 Nf1 $15) 50... f5 51. Kxb3 Ra8 {[#]} 52. c5 $1 Kd7 53. Nd3 Kc6 54. Kc4 Ra3 55. Ne5+ Kc7 56. Rc2 g5 {[#]} 57. Kd5 $1 Ra8 $2 (57... gxf4 58. gxf4 Ra6) 58. Ke6 $18 Rf8 59. Ke7 Ra8 60. c6 Nd6 61. Ke6 Re8+ 62. Kf6 gxf4 63. gxf4 h5 64. h4 Rf8+ 65. Ke6 Re8+ 66. Kd5 Ne4 67. Rb2 Nf6+ 68. Kc5 (68. Kc4 $142 Kd6 69. Rb7) 68... Ne4+ 69. Kd5 $2 (69. Kc4) 69... Nf6+ $1 70. Kc4 Ra8 71. Rb7+ Kd6 72. Kb5 Kd5 73. Nc4 (73. Nd7 $142) 73... Rg8 (73... Kd4 $142 74. Nb6 Rg8) 74. c7 Ke6 75. Nb6 Ne4 76. c8=Q+ Rxc8 77. Nxc8 {Precision: White = 63%, Black = 44%.} 1-0

[Event "World Team-ch Women 2017"]
[Site "Khanty-Mansyisk"]
[Date "2017.06.20"]
[Round "4"]
[White "Majdan, Joanna"]
[Black "Vijayalakshmi, Subbaraman"]
[Result "1/2-1/2"]
[WhiteElo "2365"]
[BlackElo "2375"]
[Annotator "TA"]
[PlyCount "153"]
[EventDate "2017.??.??"]
[EventType "team-tourn"]
[EventCountry "RUS"]
[SourceTitle "playchess.com"]
[Source "ChessBase"]
[SourceQuality "1"]
[WhiteTeam "POL"]
[BlackTeam "IND"]
[WhiteTeamCountry "POL"]
[BlackTeamCountry "IND"]

{[%evp 21,152,36,52,40,25,0,0,0,0,-3,-3,0,2,0,0,0,4,0,10,0,0,0,2,0,32,32,40,47,41,43,72,65,69,67,63,60,70,62,143,68,70,69,83,34,70,62,77,70,77,59,86,89,148,89,88,89,89,90,94,94,80,66,79,50,84,84,84,84,84,51,51,21,70,16,16,16,16,8,8,0,0,0,0,0,16,16,16,16,16,16,16,16,16,16,16,16,16,16,16,16,39,25,28,16,16,16,39,39,39,8,8,8,8,0,0,0,0,0,0,0,0,0,0,0,0,0,0,0,0,0,0,0,0]} 1. e4 e5 2. Nf3 Nc6 3. Bb5 a6 4. Ba4 Nf6 5. O-O Be7 6. Re1 b5 7. Bb3 d6 8. c3 Na5 9. Bc2 c5 10. d4 Qc7 11. a4 c4 {LiveBook: 6 Games. C90: Closed Ruy Lopez with 7...d6: Early deviations} 12. axb5 (12. Bg5 O-O 13. Nbd2 Bb7 14. Nf1 Rfe8 15. h3 g6 16. Ng3 Nc6 17. d5 Nb8 18. Nh4 Nxd5 19. Bxe7 Nxe7 {1-0 (32) Saric,I (2628)-Postny,E (2631) Bastia 2013}) 12... axb5 13. b4 cxb3 $1 14. Bxb3 O-O 15. Bc2 $146 ({Predecessor:} 15. dxe5 dxe5 16. Bd5 Bb7 17. Bxb7 Nxb7 18. Rxa8 Rxa8 19. Qb3 {1-0 (36) Althoff,R (1734)-Weskamp,M (1710) Germany 2007}) 15... Bg4 16. Bd3 b4 17. cxb4 Nc6 18. Rxa8 Rxa8 19. Qc2 {[#] Strongly threatening d5.} Qb7 {And now ...Bxf3 would win.} 20. b5 Nb4 21. Qb3 Nxd3 22. Qxd3 d5 {[%cal Rd5e4]} (22... Bxf3 $5 23. gxf3 exd4 $11) 23. Nxe5 dxe4 24. Qc4 $36 {[%mdl 2048] White has some pressure.} Be6 25. Qc6 Rb8 26. Ba3 Nd5 27. Qxb7 Rxb7 28. Bxe7 Nxe7 29. Nc3 Nd5 ({Black should try} 29... f6 $14) 30. Nxe4 (30. Nxd5 $16 Bxd5 31. Rc1) 30... Rxb5 $14 31. Nc5 h6 32. h3 Nc7 33. Ra1 Bd5 34. Ra7 Ne6 35. Rd7 Nxc5 36. Rxd5 {[%mdl 4096] Endgame KRN-KRN} Rb1+ 37. Kh2 Ne6 38. Rd7 Rd1 39. d5 Nf4 40. d6 f6 41. Nc6 h5 42. g3 Nd3 43. Rc7 Ne5 44. Nxe5 fxe5 $16 {KR-KR} 45. d7 {[#] Black must now prevent Rc8+.} Kh7 $1 46. Kg2 e4 47. f4 (47. Rb7 $14) 47... exf3+ $11 48. Kxf3 Kg6 49. Kf4 (49. Ke2 $5 {[%cal Re2d1]} Rd5 50. Kf3 $16) 49... Kf6 50. h4 Rd4+ 51. Ke3 Rd1 52. Ke4 Rd2 (52... g6 {keeps more tension.} 53. Kf4 Rd5 54. Ra7 Rd4+ 55. Ke3 Rd1) 53. Rc5 {aiming for Rd5.} Rxd7 54. Rxh5 Ra7 55. Rf5+ Kg6 {Hoping for ...Ra4+.} 56. g4 Ra4+ 57. Kf3 Ra3+ 58. Kf4 Ra4+ 59. Kg3 Ra3+ 60. Rf3 Ra1 61. Rb3 Rg1+ 62. Kf4 Rf1+ 63. Rf3 Rg1 64. h5+ Kh6 65. Kf5 Rg2 {The position is equal.} 66. Rf4 Ra2 67. Re4 Rf2+ 68. Rf4 g6+ 69. hxg6 (69. Ke4 {is interesting.} Rxf4+ 70. Kxf4 gxh5 71. gxh5 Kxh5 72. Kf5) 69... Rxf4+ 70. Kxf4 {Kf5 would kill now.} Kxg6 {KP-K} 71. g5 {[%cal Bg4g5,Bg5g6,Bg6g7][%mdl 32]} Kg7 72. Kf5 Kf7 73. g6+ Kg7 74. Kg5 Kg8 75. Kh6 {White threatens g7 and mate.} Kh8 76. g7+ Kg8 77. Kg6 $2 {[%mdl 8192] Precision: White = 58%, Black = 64%.} (77. Kh5 Kxg7) 1/2-1/2